Statistics for 1980s Movies by Hint

Click here to take the quiz!

General Stats

  • This quiz has been taken 194 times
  • The average score is 12 of 15

Answer Stats

HintYearActorMovie% Correct
Lightsaber, James Earl Jones, Fathers1980Mark HamillEmpire Strikes Back
99%
Joker, Harvey Dent, Michael Keaton1989Billy Dee WilliamsBatman
96%
I'll be Back, Naked, Sunglasses at Night1986Arnold SchwarzeneggerThe Terminator
95%
Reeses, Phone Home, 1999 Cameo1982Drew BarrymoreE.T The Extra-Terrestrial
94%
Boxing, Survivor, Yo Adrian!1981Mr. TRocky III
93%
Highest Grossing, Time-Travel, Bob Gale1985Lea ThompsonBack to the Future
90%
Bill Murray, Slimer, Sigourney Weaver1984Dan AckroydGhostbusters
90%
Dutch, Daniel LaRusso, Not Kung Fu1984Pat MoritaThe Karate Kid
90%
Under the Sea, Ariel, Vanessa1989Jodi BensonThe Little Mermaid
90%
Drugs, Short and Tall, Arnold1988Danny DevitoTwins
78%
No Sean Connery Yet, George Lucas, Fedora1981Karen AllenRaiders of the Lost Ark
74%
Rambo, Guns, Vietnam1984Sylvester StalloneFirst Blood
65%
Not Alien, 2 Governors, Cigars1987Carl WeathersPredator
63%
No Little Lady Yet, Zac Efron Soon..., Fox1987Tom SelleckThree Men and a Baby
58%
4th Wall Breaking, Chicka-Chicka, Kenny Ortega1986Alan RuckFerris Bueller's Day Off
46%

Score Distribution

Percentile by Number Answered

Percent of People with Each Score

Your Score History

You have not taken this quiz